| 000 | 00650nam a22001937a 4500 | ||
|---|---|---|---|
| 005 | 20100512144355.0 | ||
| 008 | 091015t xxu||||| |||| 00| 0 eng d | ||
| 020 |
_c395.00 _a9788189297534 |
||
| 020 |
_c395.00 _a8189297538 |
||
| 037 | _bPUB | ||
| 040 |
_adpl _bEnglish |
||
| 100 | _aGandhi, M.K. | ||
| 245 |
_aThe essence of hinduism / _cby M.K. Gandhi |
||
| 260 |
_aDelhi _bFarsight Publihsers & Distributors _c2009 |
||
| 270 |
_aS-16, Naveen Shahdara _bDelhi _e110032 |
||
| 300 |
_a256p.; _c22cm(Hb) |
||
| 942 |
_2ddc _cEN _mGAN |
||
| 999 |
_c35881 _d35881 |
||